000 00381 a2200157 4500
001 75603
020 _a9788596002165
040 _cAnchieta - Colégio São Paulo
100 _aBeltrão, Eliana Lúcia Santos
240 1 0 _aDiálogo em gêneros, 6º ano
_lpor
245 1 0 _aDiálogo em gêneros, 6º ano
300 _a320
362 0 _a2016
650 4 _aPortuguês
942 _cBK
999 _c75603
_d75603